Normal view
MARC view
- Electric Machines Analysis and design applying MATLAB
Entry Topical Term
001 - CONTROL NUMBER
- control field: 125846
003 - CONTROL NUMBER IDENTIFIER
- control field: NUST
005 - DATE AND TIME OF LATEST TRANSACTION
- control field: 20240912151243.0
008 - FIXED-LENGTH DATA ELEMENTS
- fixed length control field: 240912|| aca||aabn | a|a d
040 ## - CATALOGING SOURCE
- Original cataloging agency: NUST
- Transcribing agency: NUST
150 ## - HEADING--TOPICAL TERM
- Topical term or geographic name entry element: Electric Machines Analysis and design applying MATLAB
670 ## - SOURCE DATA FOUND
- Source citation: Work cat.: (NUST): Jimmie J. Cathey 125845, Electric Machines Analysis and design applying MATLAB , 2001.
